01403 a2200193 45000010006000000050017000060080041000230030015000640400040000790800073001192450041001920200018002332500011002512640030002623000019002925050717003111000028010288560153010562365120260407155522.0260407a1988 arg spa dAR-UNSa-BCEJYS aAR-UNSa-BCEJYSbspacAR-UNSa-BCEJYS a658.3xPersonal. Relaciones humanas en la empresa (Recursos Humanos)10aAdministración de recursos humanos a968-24-3061-5 a3a. ed 1aMéxico :bTrillasc1988 a533 p.c22 cm. a1. Teoría de los sistemas – 2. Administración de recursos humanos – 3. El comportamiento humano – 4. Las teorías gerenciales – 5. El supervisor – 6. La función de administración de recursos humanos – 7. Análisis de puestos – 8. Los salarios – 9. Reclutamiento y selección de personal – 10. Inducción – 11. Relaciones entre trabajadores y dirección – 12. Educación y entrenamiento – 13. Medición del desempeño – 14. Higiene y seguridad industrial – 15. Servicios y prestaciones – 16. Comunicación – 17. Proceso de desarrollo organizacional – 18. Terminación de las relaciones de trabajo – 19. Auditorías e investigación relativas a los recursos.1 aArias Galicia, Fernando41uhttps://biblioeco.unsa.edu.ar/pmb/images/libros/Administraci?n de recursos humanos Arias Galicia Fernando (1976).jpgyImagen de portadaqimage/jpeg